000 00775nam a2200193Ii 4500
003 JO-AjNU
008 230605s9999||||xx |||||||||||||| ||und||
040 _aJO-AjNU
_bara
_erda
_cJO-AjNU
041 _aara
050 1 4 _aDS79.72.D3322 1992
100 3 _aالدمسي، احمد بن عيسى؛ تقديم الدييلمي، عبد الوهاب,
_eauthor
_936133
245 0 0 _aملحق بأهم البيانات والنداءات الصادرة عن الاسلاميين بشأن ازمة الخليج
264 3 1 _aد.م: د.ن، 1992
300 _a209-282ص
_bملحق
336 _atext
_btxt
_2rdacontent
337 _aunmediated
_bn
_2rdamedia
338 _avolume
_bnc
_2rdacarrier
650 4 _aمواقف الاسلاميين-حرب الخليج- تاريخ
_936134
999 _aA14984
_c18552
_d18552